| 000 | 01012nam a2200241 i 4500 | ||
|---|---|---|---|
| 001 | bg | ||
| 245 | 1 | 0 |
_aUdział bibliotek akademickich w kształtowaniu społeczeństwa informacyjnego w Polsce - potencjał, możliwości, potrzeby : _bmateriały z konferencji naukowej z okazji 50-lecia Akademii Techniczno-Rolniczej im. Jana i Jędrzeja Śniadeckich, Bydgoszcz - Klonowo, 15-17 V 2002 / _cAkademia Technoczno-Rolnicza im. Jana i Jędrzeja Śniadeckich w Bydgoszczy. |
| 260 |
_aBydgoszcz : _bWydawnictwa Uczelniane ATR, _c2002. |
||
| 300 |
_a223, [6] s. : _brys. ; _c24 cm. |
||
| 500 | _aStreszcz. ang. przy ref. | ||
| 504 | _aBibliogr. przy ref. | ||
| 650 | 9 | _aBiblioteki akademickie | |
| 650 | 9 | _aSpołeczeństwo informacyjne | |
| 655 | _aMateriały konferencyjne | ||
| 710 | 0 | _aAkademia Techniczno-Rolnicza (Bydgoszcz) | |
| 020 | _a8387274445 | ||
| 040 | _cBPK | ||
| 041 | 0 |
_apl _ben |
|
| 080 | _a027.7:004 | ||
| 920 | _a83-87274-44-5 | ||
| 942 | _cKS | ||
| 008 | s pl f |000 0 pol | ||
| 999 |
_c42442 _d42442 |
||
| 856 |
_uhttp://koha.tu.koszalin.pl/cgi-bin/koha/opac-detail.pl?biblionumber=42442 _yKatalog online BPK |
||